| 000 | 00451nam a2200097Ia 4500 | ||
|---|---|---|---|
| 008 | 180130s9999 xx 000 0 und d | ||
| 245 |
_cLewin, Arie Y.; Zhong, Xing _aThe co-evolution of global sourcing of business support functions and the economic development of Asian emerging economies |
||
| 260 | _c2014 | ||
| 300 | _aBook title: The Oxford handbook of Asian business systems--Acession number C19643; pages 487-512 | ||
| 650 | _aBUSINESS SYSTEMS--ASIA | ||
| 999 |
_c354429 _d354429 |
||